Čo po skončení éry nízkych úrokov

Expanzívna monetárna politika v súčasnosti stlačila úrokové miery na historické minimá. Finančná zraniteľnosť Ameriky a globálnej ekonomiky v dôsledku vzostupu úrokových mier. Predpoklad finančných kríz v tzv. nových ekonomikách. Úloha centrálnej banky: eliminovať finančnú rozkolísanosť a podporovať...

Descrizione completa

Salvato in:
Dettagli Bibliografici
Autore principale: De Long, Bradfort J.
Natura: Capitolo di libro
Lingua:slovacco
Soggetti:
Tags: Aggiungi Tag
Nessun Tag, puoi essere il primo ad aggiungerne!!

MARC

LEADER 00000naa$a2200000$$$4500
001 0019244
005 20231004123713.1
041 0 |a slo 
044 |a SK 
245 1 0 |a Čo po skončení éry nízkych úrokov  |c Bradfort J. De Long 
520 |a Expanzívna monetárna politika v súčasnosti stlačila úrokové miery na historické minimá. Finančná zraniteľnosť Ameriky a globálnej ekonomiky v dôsledku vzostupu úrokových mier. Predpoklad finančných kríz v tzv. nových ekonomikách. Úloha centrálnej banky: eliminovať finančnú rozkolísanosť a podporovať hospodársku stabilitu. Zrútenie výkonnosti ekonomiky a hrozba deflácie: najväčšie riziká do budúcnosti. 
610 2 0 |a deflácia 
610 2 0 |a inflácia 
610 2 0 |a aktíva 
610 2 0 |a miera úroková 
610 2 0 |a politika peňažná 
610 2 0 |a stabilita hospodárstva 
610 2 0 |a výkonnosť ekonomiky 
610 2 0 |a USA 
610 2 0 |a politika hospodárska nadnárodná 
100 1 |a De Long, Bradfort J.